00767nam a22001937a 4500003000900000008004100009020001800050040007100068082002000139100003100159245008600190260006600276300005300342440002300395650002100418650001600439700003800455710008000493AR-CdUCM190322b ||||| |||| 00| 0 spa d a9786124720031 aMUNICIPALIDAD PROVINCIAL DEL CUSCOcBIBLIOTECA MUNICIPAL DEL CUSCO a985.62/D74bD74 aDomínguez Faura, Nicanor aAproximaciones a la historia de Puno y del altiplano /cNicanor Domínguez Faura aPuno :bDirección Desconcentrada de Cultura de Puno.c2017. a377 páginas. :bilustraciones, mapas ;c21 cm. aPuno esencial ;n3 aHistoria de Puno aPuno Perú aEspezúa Salmón, BoriseEditor aMinisterio de Cultura PerúbDirección Desconcentrada de Cultura de Puno